Indian railway track (Record no. 1713)

MARC details
000 -LEADER
fixed length control field 00608 a2200181 4500
020 ## - INTERNATIONAL STANDARD BOOK NUMBER
Terms of availability 350.00
035 ## - SYSTEM CONTROL NUMBER
System control number B-79554
037 ## - SOURCE OF ACQUISITION
Source of stock number/acquisition RP-ZLS-1852 / PANSY-03-04:32 / RP-03-04:ENG154
082 14 - DEWEY DECIMAL CLASSIFICATION NUMBER
Classification number 385.0954
090 ## - LOCALLY ASSIGNED LC-TYPE CALL NUMBER (OCLC); LOCAL CALL NUMBER (OCLC)
-- 1744
-- 1744
100 1# - MAIN ENTRY--PERSONAL NAME
Personal name Agarwal, M.M.
245 1# - TITLE STATEMENT
Title Indian railway track
Remainder of title design, construction, maintenance & modernisation
Statement of responsibility, etc by M.M. Agarwal
250 ## - EDITION STATEMENT
Edition statement 14 rev. ed. rep 2003
260 ## - PUBLICATION, DISTRIBUTION, ETC. (IMPRINT)
Place of publication, distribution, etc Delhi
Name of publisher, distributor, etc Prabha
Date of publication, distribution, etc 2003
300 ## - PHYSICAL DESCRIPTION
Extent xviii, 1000 p
Other physical details ill
Dimensions 23 cm (HB)
942 ## - ADDED ENTRY ELEMENTS (KOHA)
Institution code [OBSOLETE] dpl
Koha item type English Books
Call number prefix 385.0954 AGA
Holdings
Withdrawn status Lost status Source of classification or shelving scheme Damaged status Not for loan Collection code Home library Current library Cost, normal purchase price Total Checkouts Full call number Barcode Date last seen Copy number Uniform Resource Identifier Cost, replacement price Price effective from Koha item type
    Dewey Decimal Classification     Non-fiction Sarojini Nagar Sarojini Nagar 350.00   385.0954 AGA B-79554 15/09/2008 1 1815 350.00 15/09/2008 English Books

© Delhi Public Library
Hit Counter
free hit counter